Estudio de prefactibilidad para la creación de una Miscelánea comercializadora de productos de la canasta básica, ubicada en la comarca El Capulín, Departamento de Granada

Determina el pre factibilidad para la creación de una Miscelánea comercializadora de productos de la canasta básica y del hogar, ubicada en la comarca El Capulín, departamento de Granada en el periodo 2016-2017. Presenta evaluación de impacto ambiental de manera que se cumpla las leyes ambienta...

Full description

Bibliographic Details
Main Authors: Ramírez Cano, Miguel Ángel, Cantillano Hernández, Juan Pablo, Solís Méndez, Jonathan Martin
Other Authors: Tutor: Orozco Miranda, Hazzely del Carmen
Format: Tesis Section = Libro
Language:Undetermined
Spanish
Published: Managua UNI 2017
Subjects:
LEADER 01636nam a2200301Ia 4500
008 240830s9999 xx 000 0 und d
040 |a BIBLIOTECA-RUPAP Mon 658.11 R173 
041 |a spa 
082 |a Mon 658.11 R173 
100 1 |a Ramírez Cano, Miguel Ángel 
100 1 |b  Cantillano Hernández, Juan Pablo 
100 1 |c  Solís Méndez, Jonathan Martin 
245 1 0 |a Estudio de prefactibilidad para la creación de una Miscelánea comercializadora de productos de la canasta básica, ubicada en la comarca El Capulín, Departamento de Granada 
260 |a Managua  |b UNI  |c 2017 
300 |a 137 p. :il. 
500 |a Contiene: anexos e Incluye: CD. 
502 |a Tesis (Ingeniero de Sistemas)- UNI, 2017. 
520 3 |a Determina el pre factibilidad para la creación de una Miscelánea comercializadora de productos de la canasta básica y del hogar, ubicada en la comarca El Capulín, departamento de Granada en el periodo 2016-2017. Presenta evaluación de impacto ambiental de manera que se cumpla las leyes ambientales y el plan de acción de mitigación de daños causados por el proyecto. Realiza un estudio socio-económico relacionado a las condiciones sociales de los grupos afectados por el proyecto y los impactos en el bienestar que pueda causar el mismo. 
650 7 |a NUEVOS NEGOCIOS-PROYECTOS 
650 7 |b ESTUDIO DE FACTIBILIDAD 
650 7 |c ESTUDIO DE MERCADO 
650 7 |d IMPACTO AMBIENTAL 
650 7 |e ESTUDIO FINANCIERO 
650 7 |f PRODUCTOS BASICOS-ASPECTOS ECONOMICOS 
700 1 |a Tutor:  |b Orozco Miranda, Hazzely del Carmen 
942 |c BK  |2 ddc 
991 |a TESIS 
999 |c 16987